书目信息 |
| 题名: |
悲剧与文明
|
|
| 作者: | 西格尔 著 ;董波 , 刘嘉 , 李孟阳 译 | |
| 分册: | ||
| 出版信息: | 北京 生活·读书·新知三联书店 2024.10 |
|
| 页数: | 28,820页 | |
| 开本: | 22cm | |
| 丛书名: | 古典与文明 | |
| 单 册: | ||
| 中图分类: | I545.073 | |
| 科图分类: | ||
| 主题词: | ||
| 电子资源: | ||
| ISBN: | 978-7-108-07776-9 | |
| 000 | 01432oam2 2200313 450 | |
| 001 | 012776543 | |
| 005 | 20251022143418.81 | |
| 010 | @a978-7-108-07776-9@b精装@dCNY128.00 | |
| 100 | @a20241022d2024 em y0chiy0120 ea | |
| 101 | 1 | @achi@ceng |
| 102 | @aCN@b110000 | |
| 105 | @ak z 001yy | |
| 106 | @ar | |
| 200 | 1 | @a悲剧与文明@9bei ju yu wen ming@dClassics & civilization@e解读索福克勒斯@f(美)查尔斯·西格尔著@g董波,刘嘉,李孟阳译@zeng |
| 210 | @a北京@c生活·读书·新知三联书店@d2024.10 | |
| 215 | @a28,820页@d22cm | |
| 225 | 1 | @a古典与文明@h第三辑 |
| 300 | @a三联学术 国家出版基金项目 | |
| 330 | @a在本书中,美国著名古典学家查尔斯·西格尔以结构主义人类学的进路全面分析索福克勒斯的所有现存剧作,探查索福克勒斯如何在悲剧中反映人类为了争取秩序和文明的生活,不断在社会和个人内部对野蛮、混乱、暴力等威胁进行抗争,极富创造力地重新阐释了索福克勒斯。西格尔不仅将索福克勒斯视为一位伟大的诗人和悲剧家,更对索福克勒斯有关人类境况的反思进行了整体性讨论,呈现出严肃的思想家索福克勒斯。 | |
| 461 | 0 | @12001 @a古典与文明 |
| 510 | 1 | @aClassics & civilization@zeng |
| 600 | 0 | @a索福克勒斯@c(Sophokles@f约前496-前406)@x悲剧@x戏剧文学@x文学研究 |
| 690 | @aI545.073@v5 | |
| 701 | 0 | @c(美)@a西格尔@9xi ge er@c(Segal, Charles@f1936-2002)@4著 |
| 702 | 0 | @a董波@9dong bo@4译 |
| 702 | 0 | @a刘嘉@9liu jia@4译 |
| 702 | 0 | @a李孟阳@9li meng yang@4译 |
| 801 | 0 | @aCN@c20250911 |
| 905 | @a河南城建学院图书馆@dI545.073@eS996@ZS996@f1 | |
| 悲剧与文明=Classics & civilization:解读索福克勒斯/(美)查尔斯·西格尔著/董波,刘嘉,李孟阳译.-北京:生活·读书·新知三联书店,2024.10 |
| 28,820页;22cm.-(古典与文明.第三辑) |
| 三联学术 国家出版基金项目 |
| ISBN 978-7-108-07776-9(精装):CNY128.00 |
| 在本书中,美国著名古典学家查尔斯·西格尔以结构主义人类学的进路全面分析索福克勒斯的所有现存剧作,探查索福克勒斯如何在悲剧中反映人类为了争取秩序和文明的生活,不断在社会和个人内部对野蛮、混乱、暴力等威胁进行抗争,极富创造力地重新阐释了索福克勒斯。西格尔不仅将索福克勒斯视为一位伟大的诗人和悲剧家,更对索福克勒斯有关人类境况的反思进行了整体性讨论,呈现出严肃的思想家索福克勒斯。 |
| ● |
| 相关链接 |
|
|
|
正题名:悲剧与文明
索取号:I545.073/S996
 
预约/预借
| 序号 | 登录号 | 条形码 | 馆藏地/架位号 | 状态 | 备注 |
| 1 | 1636474 | 216364743 | 文学库116/116文学库 18排5列3层/ [索取号:I545.073/S996] | 在馆 |